000 00770nam a2200265Ia 4500
003 OSt
005 20220912145011.0
006 a|||||r|||| 00| 0
007 ta
008 220909b |||||||| |||| 00| 0 eng d
024 _a75951
037 _cTextbook
040 _aCSL
_beng
_cCSL
041 _aeng
082 _aCp1,N84, M5
100 _aRama Chandran R Ed.
111 _aNational conference on recent advances in theoretical physics (1984 : Kanpur)
245 0 _aProceeding on recent advances in theoretical physics
260 _aSingapore
_bWorld
_c1985
300 _aviii,453p.
_ccm.
500 _aIncludes bibliography
650 _aPhysics
942 _hCp1,N84, M5
_cTB
_2CC
999 _c20547
_d20547